000 00553nam a2200205Ia 4500
005 20260429111842.0
008 260429s9999||||xx |||||||||||||| ||und||
020 _a9788119662142
041 _aEnglish
082 _a657
_bAHM
100 _aAhmed, Naseem
245 0 _aFundamentals of financial accounting :
_btheory and practice /
_cNaseem Ahmed
250 _a2nd ed.
260 _aNew Delhi :
_bAne Books,
_c2025.
300 _axi, 739 p.; hb
650 _a Accounts
650 _a Financial accounting
650 _aManagement
942 _cTB
999 _c51146
_d51146